LEADER 01039nam0-22003011i-450- 001 990001077480403321 035 $a000107748 035 $aFED01000107748 035 $a(Aleph)000107748FED01 035 $a000107748 100 $a20000920d1971----km-y0itay50------ba 101 0 $aeng 200 1 $aTroubles in the External Field Problem for Invariant Wave Equations$eLectures from the Coral Gables Conference on Fundamental Interactions at High Energy, January 20-22, 1971$fA.S. Wightman 210 $aNew York$cGordon and Breach$d1971 225 1 $aTracts in mathematics and natural sciences$v4 610 0 $aTeoria dei campi 610 0 $aTeoria dello scattering 610 0 $aTeoria dei molti corpi 676 $a530.143 700 1$aWightman,$bArthur Strong$046617 801 0$aIT$bUNINA$gRICA$2UNIMARC 901 $aBK 912 $a990001077480403321 952 $a22A-172$b9986$fFI1 959 $aFI1 996 $aTroubles in the External Field Problem for Invariant Wave Equations$9336547 997 $aUNINA DB $aING01 LEADER 01491oam 2200433zu 450 001 9910161633603321 005 20210807002134.0 010 $a0-8031-8646-0 035 $a(CKB)3170000000045429 035 $a(SSID)ssj0001490714 035 $a(PQKBManifestationID)11802129 035 $a(PQKBTitleCode)TC0001490714 035 $a(PQKBWorkID)11475242 035 $a(PQKB)11279366 035 $a(NjHacI)993170000000045429 035 $a(EXLCZ)993170000000045429 100 $a20160829d1965 uy 101 0 $aeng 135 $aur||||||||||| 181 $ctxt 182 $cc 183 $acr 200 10$aElevated-Temperature Properties of Basic-Oxygen Steel 210 31$a[Place of publication not identified]$cAmerican Society for Testing & Materials$d1965 215 $a1 online resource (64 pages) 300 $aBibliographic Level Mode of Issuance: Monograph 311 $a0-8031-8634-7 330 $aThis symposium was presented during the National Meeting on Steel held in Mexico City, Mexico, Jan. 24-29, 1965, under the sponsorship of Committee A-1 on Steel. 606 $aMetals$xEffect of high temperatures on 606 $aSteel$xTesting 615 0$aMetals$xEffect of high temperatures on. 615 0$aSteel$xTesting. 676 $a620.1623 700 $aSpaeder$b C$0887162 801 0$bPQKB 906 $aBOOK 912 $a9910161633603321 996 $aElevated-Temperature Properties of Basic-Oxygen Steel$91981558 997 $aUNINA